000 00752nam a22001817a 4500
005 20250728160323.0
008 250728b |||||||| |||| 00| 0 eng d
020 _a0-566-07993-3
050 _aCD971 .C66 1999
100 _a COOK, MICHAEL
245 _aTHE MANAGEMENT OF INFORMATION FROM ARCHIVES
250 _a2
260 _aBROOKFIELD, VT.
_bGOWER, ALDERSHOT, HAMPSHIRE, ENGLAND
_c1999
300 _aXIV, 271 P. : ILL.
500 _aINCLUDES BIBLIOGRAPHICAL REFERENCES AND INDEX
650 _a 1. INFORMATION STORAGE AND RETRIEVAL SYSTEMS--ARCHIVAL MATERIALS 2. CATALOGING OF ARCHIVAL MATERIALS--DATA PROCESSING 3. ARCHIVAL MATERIALS--DATA PROCESSING 4. ARCHIVES--AUTOMATION--MANAGEMENT 5. ARCHIVES--ADMINISTRATION
942 _2lcc
_cBK
999 _c215967
_d215967